|
|
|
|
| LEADER |
00000nam a2200000Ii 4500 |
| 001 |
DIGEDUNAV0048 |
| 003 |
NyNyDIG |
| 006 |
m o d |
| 007 |
cr ||||||||||| |
| 008 |
220611s2014 sp o 100 0 spa d |
| 035 |
|
|
|a (OCoLC)1333702254
|
| 040 |
|
|
|a DGITA
|b eng
|e rda
|e pn
|c DGITA
|
| 020 |
|
|
|z 9788431329983
|
| 050 |
1 |
4 |
|a BX830 ebook
|
| 082 |
0 |
4 |
|a 262.52
|
| 245 |
0 |
0 |
|a En torno al Vaticano II :
|b claves históricas, doctrinales y pastorales /
|c edición dirigida por Antonio Aranda, Miguel Lluch y Jorge Herrera.
|
| 264 |
|
1 |
|a Pamplona, España :
|b EUNSA, Ediciones Universidad de Navarra,
|c [2014]
|
| 300 |
|
|
|a 1 online resource.
|
| 336 |
|
|
|a text
|b txt
|2 rdacontent
|
| 337 |
|
|
|a computer
|b c
|2 rdamedia
|
| 338 |
|
|
|a online resource
|b cr
|2 rdacarrier
|
| 347 |
|
|
|a text file
|2 rdaft
|
| 347 |
|
|
|b PDF
|
| 490 |
1 |
|
|a Simposios internacionales de teología ;
|v 33
|
| 588 |
0 |
|
|a Online resource; title from PDF title page (Digitalia, viewed June 11, 2022)
|
| 611 |
2 |
0 |
|a Vatican Council
|n (2nd :
|d 1962-1965 :
|c Basilica di San Pietro in Vaticano)
|v Congresses.
|
| 655 |
|
0 |
|a Electronic books.
|
| 700 |
1 |
|
|a Aranda, Antonio,
|e editor.
|
| 700 |
1 |
|
|a Lluch-Baixauli, Miguel,
|d 1959-
|e editor.
|
| 700 |
1 |
|
|a Herrera, Jorge,
|e editor.
|
| 711 |
2 |
|
|a Simposio Internacional de Teología de la Universidad de Navarra
|n (33rd :
|d 2013 :
|c Pamplona, Spain)
|
| 791 |
2 |
|
|a Digitalia (Firm),
|e distributor.
|
| 793 |
0 |
|
|g Digitalia eBook Collection:
|a Ediciones Universidad de Navarra
|
| 776 |
0 |
8 |
|i Print version:
|t En torno al Vaticano II.
|b Primera edición.
|d Pamplona, España : EUNSA, Ediciones Universidad de Navarra, [2014]
|z 9788431329983
|
| 830 |
|
0 |
|a Simposios internacionales de teología ;
|v 33.
|
| 856 |
4 |
0 |
|3 Digitalia Hispánica
|u https://www.digitaliapublishing.com/a/51353/
|
| 910 |
|
|
|a Premium collection: 2022
|